[Event "Lleida Christmas op"]
[Site "Lleida"]
[Date "2022.12.28"]
[Round "3"]
[White "Agustin De Dios, Adrian"]
[Black "Roure Sola, Oriol"]
[Result "1-0"]
[WhiteElo "1698"]
[BlackElo "1688"]
[PlyCount "137"]
[EventDate "2022.12.27"]
[EventType "swiss"]
[EventRounds "8"]
[EventCountry "ESP"]
[SourceTitle "CBM 212 Extra"]
[Source "ChessBase"]
[SourceDate "2023.03.31"]
[SourceVersion "1"]
[SourceVersionDate "2023.03.31"]
[SourceQuality "1"]

1. e4 e5 2. Nf3 Nc6 3. Bb5 a6 4. Ba4 Nf6 5. Qe2 d6 6. c3 b5 7. Bc2 Be7 8. d3 0-0 9. 0-0 Re8 10. Rd1 Bg4 11. Nbd2 Bf8 12. Nf1 Ne7 13. h3 Bxf3 14. Qxf3 h6 15. Bxh6 gxh6 16. Qxf6 Bg7 17. Qf3 Ng6 18. g3 Qe7 19. Ne3 Kh8 20. Nf5 Qf6 21. Bb3 Rf8 22. h4 a5 23. h5 Ne7 24. Kg2 a4 25. Bc2 Rg8 26. d4 Bf8 27. Rh1 Rg5 28. Nh4 Qg7 29. Rad1 Nc6 30. Nf5 Qf6 31. d5 Ne7 32. Nh4 Qg7 33. Qe2 Rb8 34. Nf3 Rg4 35. Rh4 Nc8 36. Rxg4 Qxg4 37. Ng1 Qxe2 38. Nxe2 Kg7 39. f4 f6 40. Kf3 Be7 41. b3 axb3 42. axb3 Nb6 43. Ra1 Rb7 44. g4 Nd7 45. Ng3 Bf8 46. Nf5+ Kf7 47. b4 Nb6 48. Ne3 Be7 49. Ra5 Nc4 50. Nxc4 bxc4 51. Bd1 Bd8 52. Be2 Be7 53. Bxc4 Bf8 54. Bb5 Ke7 55. Bc6 Rb8 56. Ra7 Kd8 57. Ra2 Ke7 58. Rc2 Bg7 59. b5 Bf8 60. c4 Kd8 61. Ra2 Be7 62. Ra7 Bf8 63. g5 fxg5 64. fxg5 hxg5 65. Kg4 Bh6 66. Kf5 Ke7 67. Rxc7+ Kf8 68. Ra7 Rc8 69. b6 1-0

[Event "Aragon-chT Preferente Gr-II"]
[Site "Aragon"]
[Date "2019.03.16"]
[Round "8.56"]
[White "Mombiela de Sus, Jose Luis"]
[Black "Agustin De Dios, Adrian"]
[Result "1/2-1/2"]
[WhiteElo "1903"]
[BlackElo "1717"]
[PlyCount "126"]
[EventDate "2019.01.26"]
[EventType "team-tourn"]
[EventRounds "9"]
[EventCountry "ESP"]
[SourceTitle "EXT 2020"]
[Source "ChessBase"]
[SourceDate "2019.10.17"]
[SourceVersion "1"]
[SourceVersionDate "2019.10.17"]
[SourceQuality "1"]
[WhiteTeam "Las Fuentes"]
[BlackTeam "Fraga"]
[WhiteTeamCountry "ESP"]
[BlackTeamCountry "ESP"]

1. Nf3 c5 2. c4 Nf6 3. Nc3 d6 4. g3 e6 5. Bg2 Be7 6. 0-0 0-0 7. d4 cxd4 8. Nxd4 Nbd7 9. b3 Nb6 10. e4 Re8 11. Bb2 Nbd7 12. Qe2 a6 13. Kh1 Qc7 14. f4 Rb8 15. Rae1 h6 16. e5 Nh7 17. Qh5 Nhf8 18. Nxe6 Nxe6 19. f5 Nxe5 20. Nd5 Qd8 21. Rxe5 dxe5 22. Bxe5 Bd6 23. fxe6 Bxe6 24. Bf6 Re7 25. Nxe7+ Bxe7 26. Bxe7 Qxe7 27. c5 Rc8 28. Rc1 g6 29. Qe5 Qc7 30. Qe1 Rb8 31. Qe3 h5 32. a3 Rd8 33. Qf4 Qe7 34. Qe4 Rb8 35. b4 Qg5 36. Qf4 Qd8 37. Kg1 b6 38. c6 Rc8 39. a4 Qe7 40. b5 axb5 41. axb5 g5 42. Qe3 h4 43. gxh4 gxh4 44. h3 Re8 45. c7 Bc8 46. Qxb6 Qb4 47. Qf2 Qxb5 48. Qxh4 Qb6+ 49. Kh1 Bb7 50. Rg1 Kf8 51. Qh8+ Ke7 52. Qe5+ Kf8 53. Qf4 Bxg2+ 54. Rxg2 Qb1+ 55. Kh2 Qb6 56. Rf2 Qe6 57. Qb4+ Kg7 58. Rg2+ Kh7 59. Qh4+ Qh6 60. Qg4 Qd6+ 61. Qg3 Qxg3+ 62. Kxg3 Re3+ 63. Kf4 Rc3 1/2-1/2

[Event "Aragon-chT Preferente Gr-II"]
[Site "Aragon"]
[Date "2019.01.26"]
[Round "1.56"]
[White "Agustin De Dios, Adrian"]
[Black "Pascual Sese, Lucas"]
[Result "0-1"]
[WhiteElo "1717"]
[BlackElo "1712"]
[PlyCount "120"]
[EventDate "2019.01.26"]
[EventType "team-tourn"]
[EventRounds "9"]
[EventCountry "ESP"]
[SourceTitle "EXT 2020"]
[Source "ChessBase"]
[SourceDate "2019.10.17"]
[SourceVersion "1"]
[SourceVersionDate "2019.10.17"]
[SourceQuality "1"]
[WhiteTeam "Fraga"]
[BlackTeam "Jaque II"]
[WhiteTeamCountry "ESP"]
[BlackTeamCountry "ESP"]

1. e4 c5 2. Nc3 e6 3. g3 d5 4. exd5 exd5 5. Bg2 Nf6 6. d3 d4 7. Nce2 Bd6 8. Nf3 0-0 9. 0-0 h6 10. Nd2 Qd7 11. Nc4 Bc7 12. Nf4 Nc6 13. Nh5 Qf5 14. Nxf6+ Qxf6 15. Nd2 b6 16. Ne4 Qe6 17. Re1 Qg6 18. f4 f5 19. Nd2 Bd7 20. Nf3 Rae8 21. a3 Rxe1+ 22. Qxe1 Re8 23. Qf2 b5 24. Bd2 Bb6 25. Re1 c4 26. Rxe8+ Qxe8 27. Qe1 c3 28. Qxe8+ Bxe8 29. Bc1 b4 30. Nh4 bxa3 31. bxa3 Ne7 32. h3 Ba4 33. Kf2 Bxc2 34. Ke2 g5 35. fxg5 hxg5 36. Bxg5 Kf7 37. Bc1 Bc5 38. Nf3 Ng6 39. h4 Ne7 40. h5 Bb3 41. Ne5+ Kg7 42. Nd7 Bd6 43. h6+ Kh8 44. Nf6 Bxg3 45. Nh5 Be5 46. Nf4 Kh7 47. Bh3 Bf7 48. Kf2 Bxf4 49. Bxf4 Bh5 50. Ke1 Bg4 51. Bg2 Ng6 52. Bb8 Kxh6 53. Bxa7 Nf4 54. Bf1 Ne6 55. a4 Bf3 56. a5 Kg5 57. Bb8 Nc5 58. Be5 Nb3 59. Bxd4 Nxd4 60. a6 Nb3 0-1

[Event "Aragon-chT Preferente A"]
[Site "Aragon"]
[Date "2017.02.18"]
[Round "4.36"]
[White "Agustin De Dios, Adrian"]
[Black "Antonano Fedz Quincoces, Avelino"]
[Result "1/2-1/2"]
[WhiteElo "1707"]
[BlackElo "1949"]
[PlyCount "88"]
[EventDate "2017.01.28"]
[EventType "team-tourn"]
[EventRounds "9"]
[EventCountry "ESP"]
[SourceTitle "EXT 2018"]
[Source "ChessBase"]
[SourceDate "2017.10.13"]
[SourceVersion "1"]
[SourceVersionDate "2017.10.13"]
[SourceQuality "1"]
[WhiteTeam "Fraga"]
[BlackTeam "St Casablanca III"]
[WhiteTeamCountry "ESP"]
[BlackTeamCountry "ESP"]

1. e4 c5 2. Nc3 g6 3. g3 Bg7 4. Bg2 Nc6 5. d3 Nf6 6. Be3 d6 7. h3 0-0 8. Nge2 Rb8 9. Qd2 b5 10. Bh6 b4 11. Nd1 e5 12. 0-0 Nd4 13. Bxg7 Kxg7 14. Nxd4 cxd4 15. Kh2 Ne8 16. f4 f6 17. Nf2 a5 18. b3 Be6 19. Rfe1 Qc7 20. Rac1 Qc8 21. Nd1 Nc7 22. Ra1 Nb5 23. Nb2 Na3 24. Nc4 Nxc4 25. dxc4 Qc5 26. Rf1 Rf7 27. Rf2 a4 28. Rf3 Ra8 29. Rff1 Rfa7 30. f5 Bd7 31. g4 g5 32. Bf3 Ra5 33. Kg3 Qa7 34. Rf2 Qb7 35. Kg2 Bc6 36. Re2 axb3 37. cxb3 Ra3 38. Qd3 Ba4 39. Rb1 Qa7 40. Rd2 Bc6 41. Rbb2 Qb7 42. Re2 R8a7 43. Kg3 Qa8 44. Qc2 h6 1/2-1/2

[Event "Huesca CupT"]
[Site "Monzon"]
[Date "2017.01.22"]
[Round "1.2"]
[White "Fontana Sotomayour, Luis Javier"]
[Black "Agustin De Dios, Adrian"]
[Result "1-0"]
[WhiteElo "2308"]
[BlackElo "1747"]
[PlyCount "75"]
[EventDate "2017.01.22"]
[EventType "team-k.o."]
[EventRounds "3"]
[EventCountry "ESP"]
[SourceTitle "EXT 2018"]
[Source "ChessBase"]
[SourceDate "2017.10.13"]
[SourceVersion "1"]
[SourceVersionDate "2017.10.13"]
[SourceQuality "1"]
[WhiteTeam "Jaime Casas"]
[BlackTeam "Fraga"]
[WhiteTeamCountry "ESP"]
[BlackTeamCountry "ESP"]

1. b3 e5 2. Bb2 Nc6 3. e3 Nf6 4. Bb5 d6 5. Ne2 Be7 6. d4 exd4 7. Nxd4 Bd7 8. Bxc6 bxc6 9. Qf3 0-0 10. Nxc6 Bxc6 11. Qxc6 Rb8 12. Qf3 d5 13. Nd2 c5 14. 0-0 Rb6 15. Rfd1 Qc7 16. c4 dxc4 17. Nxc4 Re6 18. Rd3 h5 19. h3 h4 20. Rad1 a6 21. Qf5 g6 22. Qf3 Nh5 23. Rd7 Qc8 24. Nb6 Rxb6 25. Rxe7 Re6 26. Rb7 Qc6 27. Rxf7 Qxf3 28. Rxf3 Rxf3 29. gxf3 Kf7 30. Kf1 Rc6 31. Rc1 Ke6 32. Rc4 g5 33. Ke2 a5 34. Re4+ Kf7 35. Rg4 Kg6 36. f4 Nxf4+ 37. exf4 Re6+ 38. Kf3 1-0

[Event "Huesca Province-ch"]
[Site "Sabinanigo"]
[Date "2016.10.29"]
[Round "3"]
[White "Guetas Sanchez, Hugo"]
[Black "Agustin De Dios, Adrian"]
[Result "1-0"]
[WhiteElo "2157"]
[BlackElo "1691"]
[PlyCount "59"]
[EventDate "2016.10.15"]
[EventType "swiss"]
[EventRounds "7"]
[EventCountry "ESP"]
[SourceTitle "EXT 2018"]
[Source "ChessBase"]
[SourceDate "2017.10.13"]
[SourceVersion "1"]
[SourceVersionDate "2017.10.13"]
[SourceQuality "1"]

1. e4 c5 2. Nf3 d6 3. d4 cxd4 4. Nxd4 Nf6 5. Nc3 a6 6. h3 e6 7. g4 Be7 8. Bg2 Qc7 9. Be3 Nc6 10. g5 Ng8 11. f4 Bd7 12. Qe2 g6 13. Qf2 0-0-0 14. Nxc6 Qxc6 15. Bd4 e5 16. fxe5 dxe5 17. Bxe5 f6 18. Bg3 Qc5 19. Qf4 Be6 20. Qb8+ Kd7 21. 0-0-0+ Ke8 22. Rxd8+ Bxd8 23. Rd1 Bc8 24. Nd5 Ne7 25. Nxf6+ Kf7 26. Rf1 Qxg5+ 27. Kb1 Nf5 28. exf5 Bxf6 29. Bd5+ Kg7 30. Qc7+ 1-0